Teori Faedah
| Main Author: | |
|---|---|
| Format: | Book |
| Published: |
Kuala Lumpur :
Dewan Bahasa dan Pustaka ,
1981
|
MARC
| LEADER | 00000cam a2200000 7i4500 | ||
|---|---|---|---|
| 001 | 0000000126 | ||
| 005 | 20021120.0 | ||
| 020 | |a 9836211402 | ||
| 040 | |a INS | ||
| 090 | 0 | 0 | |a HB539. |b K28 1981 |
| 100 | 1 | |a Kellison, G | |
| 245 | 1 | 0 | |a Teori Faedah |c G. Kellison |
| 260 | |a Kuala Lumpur : |b Dewan Bahasa dan Pustaka , |c 1981 | ||
| 300 | |||
| 650 | 0 | 2 | |
| 999 | |a 0000006501 |b BOOK |c Open Shelf |e Default branch | ||